00863nam a2200217 a 4500001001000000003000500010005001700015008004100032010001100073011001100084040000900095100002800104245013700132260004100269500006000310502012600370650003200496650002800528650001900556856007000575000111158CHAP20220329144200.0141210s2014 mx sm |||||||spa d a107620 a108592 cCHAP1 aPlana Marín, Salvador13aLa riqueza de aves como indicador de la calidad agroecológica de la matríz agrícolah[En línea]cpor Salvador Plana Marín. aChapingo, Méx. :bEl autor,c2014. aPara ver el contenido del material haga clic en la liga aTesis (Ing. Agr. Esp. en Agroecología) -- UACH. Departamento de Eseñanza Investigación y Servicio en Agroecología14aAvesxHábitos y conducta.14aAvesxIdentificación.14aBiodiversidad. aFinding aiduhttp://10.13.5.2/tesis/sist111158.pdfzTeclea aquí